Galactic x-ray sources (Record no. 7274)

MARC details
000 -LEADER
fixed length control field 00969nam a2200241Ia 4500
003 - CONTROL NUMBER IDENTIFIER
control field IN-BaIIA
008 - FIXED-LENGTH DATA ELEMENTS--GENERAL INFORMATION
fixed length control field 211028s9999 xx 000 0 eng d
020 ## - INTERNATIONAL STANDARD BOOK NUMBER
International Standard Book Number 0-471-27963-3
040 ## - CATALOGING SOURCE
Transcribing agency IIA Library
080 ## - UNIVERSAL DECIMAL CLASSIFICATION NUMBER
Universal Decimal Classification number 524.7-732
Item number GAL
111 ## - MAIN ENTRY--MEETING NAME
Meeting name or jurisdiction name as entry element NATO Advanced Study Institute Conference
Location of meeting Greece
Date of meeting or treaty signing 1979
9 (RLIN) 12439
245 #0 - TITLE STATEMENT
Title Galactic x-ray sources
Remainder of title proceedings of the NATO Advanced Study Institute on galactic X-ray sources, held in Sounion, Greece in 1979
Statement of responsibility, etc. edited by Peter W. Sanford, Paul Laskarides and Jane Salton
260 ## - PUBLICATION, DISTRIBUTION, ETC.
Place of publication, distribution, etc. Chichester
Name of publisher, distributor, etc. John Wiley & Sons
Date of publication, distribution, etc. 1982
300 ## - PHYSICAL DESCRIPTION
Extent xvii, 450p.
650 ## - SUBJECT ADDED ENTRY--TOPICAL TERM
Topical term or geographic name entry element Astronomy and astrophysics thesaurus
650 ## - SUBJECT ADDED ENTRY--TOPICAL TERM
Topical term or geographic name entry element Extraterrestrial radiation
9 (RLIN) 1885
650 ## - SUBJECT ADDED ENTRY--TOPICAL TERM
Topical term or geographic name entry element X-ray sources
9 (RLIN) 12440
700 ## - ADDED ENTRY--PERSONAL NAME
Personal name Laskarides, Paul, ed.
9 (RLIN) 12441
700 ## - ADDED ENTRY--PERSONAL NAME
Personal name Salton, Jane, ed.
9 (RLIN) 12442
700 ## - ADDED ENTRY--PERSONAL NAME
Personal name Sanford, Peter W., ed.
9 (RLIN) 12443
710 ## - ADDED ENTRY--CORPORATE NAME
Corporate name or jurisdiction name as entry element NATO Advanced Study Institute
9 (RLIN) 5368
942 ## - ADDED ENTRY ELEMENTS (KOHA)
Koha item type Books
952 ## - LOCATION AND ITEM INFORMATION (KOHA)
-- 54.95
Holdings
Withdrawn status Lost status Damaged status Not for loan Home library Current library Shelving location Date acquired Total Checkouts Full call number Barcode Date last seen Price effective from Koha item type
        IIA Library-Bangalore IIA Library-Bangalore General Stacks 12/01/1983   524.7-732/ GAL 8076 05/11/2021 12/01/1983 Books

Powered by Koha